000 00978nam a2200253Ia 4500
003 OSt
005 20221005103928.0
006 a|||||r|||| 00| 0
007 ta
008 221004b |||||||| |||| 00| 0 hin d
024 _a109047
037 _cTextual
040 _aCRL
_cCRL
_bhin
041 _2hin
_ahin
082 _aO152,1:g(Y:1), P1
100 _aदरगन, रवीन्द्र
245 0 _aआधुनिक हिन्दी कविता
_b सांस्कृतिक मूल्य
246 _aĀdhunik hindī kavitā: sāanskṛutik mūlya
260 _aदिल्ली
_bगुरूकुल वृन्दावन स्नातन शोध - संस्थानान्तर्गत भारत
_c2001
300 _a384पृ0
_ccm.
650 _aहिन्दी साहित्य
942 _hO152,1:g(Y:1), P1
_cTEXL
_2cc
999 _c1011313
_d1011313